[Event "Quebec op U2000"]
[Site "Montreal CAN"]
[Date "2005.07.20"]
[Round "4.1"]
[White "Solis, Jaime"]
[Black "Morin, Louis"]
[Result "0-1"]
[WhiteElo "1865"]
[BlackElo "1992"]
[PlyCount "156"]
[GameId "2160767910901068"]
[EventDate "2005.07.17"]
[EventType "swiss"]
[EventRounds "9"]
[EventCountry "CAN"]
[SourceTitle "hb 2013"]

1. e4 e5 2. Nf3 d6 3. d4 Nf6 4. Nbd2 exd4 5. Nxd4 c5 6. N4f3 d5 7. exd5 Nxd5 8. Bc4 Be7 9. O-O O-O 10. c3 Nc6 11. Re1 Be6 12. Bb3 Qd7 13. Nf1 Rad8 14. Bg5 Bxg5 15. Nxg5 Bg4 16. f3 Bh5 17. Ng3 Bg6 18. N5e4 b6 19. Qe2 Nf4 20. Qe3 Qc7 21. Rad1 Na5 22. Rxd8 Rxd8 23. Nf2 h5 24. Ne2 Nxe2+ 25. Rxe2 Nxb3 26. axb3 Qd7 27. g3 f6 28. Kg2 Bf7 29. c4 Re8 30. Qd2 Qxd2 31. Rxd2 Be6 32. Ne4 Kf8 33. Nc3 Ke7 34. Kf2 Rd8 35. Re2 a6 36. Nd5+ Kd6 37. Nxb6 Rb8 38. Rd2+ Kc6 39. Nd5 Rxb3 40. h4 Bxd5 41. cxd5+ Kd6 42. Ke2 c4 43. g4 hxg4 44. fxg4 Rh3 45. Rd4 Rxh4 46. Rxc4 Kxd5 47. Ra4 Kc5 48. Rxa6 Rxg4 49. Ra7 g5 50. Kf3 Rf4+ 51. Kg3 Rb4 52. Rf7 Rb6 53. Kg4 Kc4 54. Rd7 Rxb2 55. Rd6 Rf2 56. Kg3 Rf4 57. Kg2 Kc5 58. Rd8 Rd4 59. Rf8 Rd6 60. Kf3 Kd5 61. Kg4 Ke6 62. Re8+ Kf7 63. Re4 Kg6 64. Re8 f5+ 65. Kg3 Rd3+ 66. Kg2 f4 67. Rf8 Kh5 68. Ra8 Kg4 69. Ra4 Rd2+ 70. Kh1 Kg3 71. Ra1 Rh2+ 72. Kg1 f3 73. Ra3 Rb2 74. Ra1 g4 75. Rc1 Re2 76. Kh1 Kh3 77. Kg1 f2+ 78. Kf1 Re1+ 0-1

[Event "Quebec op U2000"]
[Site "Montreal CAN"]
[Date "2005.07.21"]
[Round "5.1"]
[White "Morin, Louis"]
[Black "Rondon, Luciano"]
[Result "0-1"]
[WhiteElo "1992"]
[BlackElo "1883"]
[PlyCount "136"]
[GameId "2160767910901069"]
[EventDate "2005.07.17"]
[EventType "swiss"]
[EventRounds "9"]
[EventCountry "CAN"]
[SourceTitle "hb 2013"]

1. e4 c5 2. d4 cxd4 3. c3 d3 4. c4 g6 5. Bxd3 Bg7 6. Ne2 d6 7. Nbc3 Nc6 8. Be3 Nf6 9. f3 O-O 10. Rc1 Bd7 11. b3 Ne5 12. Bb1 Qa5 13. Qd2 b5 14. Nxb5 Qd8 15. Nbc3 h5 16. O-O a5 17. a4 Nc6 18. Nd5 Rb8 19. Bc2 Be6 20. Nxf6+ Bxf6 21. Nd4 Nxd4 22. Bxd4 Bxd4+ 23. Qxd4 Qb6 24. Qxb6 Rxb6 25. Rfe1 Rc8 26. Bd1 Kf8 27. Rc3 Rc5 28. Rd3 Kg7 29. Ree3 Kf8 30. f4 Rb4 31. h3 Rb6 32. g4 hxg4 33. hxg4 Rb4 34. Kf2 f6 35. Bf3 g5 36. f5 Bf7 37. Bd1 Kg7 38. Kg3 Rc8 39. Kf2 Rc5 40. Rh3 Rc8 41. Rc3 Rc5 42. Bc2 Rb8 43. Rh1 Rh8 44. Rxh8 Kxh8 45. Ke3 Kg7 46. Kd4 Bg8 47. Bd1 e5+ 48. fxe6 Bxe6 49. Be2 Bd7 50. Rc1 Bc6 51. Ra1 Re5 52. Bf3 Re7 53. Rd1 Kf7 54. Rh1 Kg7 55. Re1 Kf7 56. Re3 Re5 57. Kc3 Re7 58. Re1 Ke6 59. Kd4 Rb7 60. Bd1 Kf7 61. Rh1 Kg7 62. Rf1 Re7 63. Bc2 Bd7 64. Kd5 Bxg4 65. Kxd6 Rd7+ 66. Kc6 Rd2 67. Rc1 Bf3 68. c5 Rxc2 0-1

[Event "Quebec op U2000"]
[Site "Montreal CAN"]
[Date "2005.07.22"]
[Round "6"]
[White "Blais, Georges"]
[Black "Deljanin, Dzavid"]
[Result "1-0"]
[WhiteElo "1534"]
[BlackElo "1425"]
[PlyCount "123"]
[GameId "2160767910901070"]
[EventDate "2005.07.17"]
[EventType "swiss"]
[EventRounds "9"]
[EventCountry "CAN"]

1. Nf3 b6 2. d4 Bb7 3. Nc3 e6 4. Bf4 a6 5. a3 d6 6. e4 Be7 7. Bd3 Nf6 8. Qe2 Nbd7 9. O-O c5 10. dxc5 dxc5 11. a4 Nb8 12. Ne5 Nc6 13. Nxc6 Bxc6 14. Bxa6 O-O 15. Rfd1 Qe8 16. Bb5 Rc8 17. Bxc6 Qxc6 18. f3 Nh5 19. Be3 Bd6 20. Nb5 Bb8 21. g3 f5 22. exf5 exf5 23. f4 Nf6 24. Qc4+ Kh8 25. Nc3 Rce8 26. Bf2 Qf3 27. Qd3 Qg4 28. Kh1 Bc7 29. Re1 Qh3 30. Qf1 Qh5 31. Qg2 h6 32. Rxe8 Rxe8 33. Re1 Kh7 34. Rxe8 Qxe8 35. b3 Bd8 36. Qf3 Ne4 37. Nxe4 fxe4 38. Qe2 g5 39. Be3 Kg7 40. Qd2 Qe7 41. Kg2 Kg6 42. fxg5 hxg5 43. Qd5 Bc7 44. Qg8+ Kf5 45. h3 Bd8 46. Qd5+ Kg6 47. g4 Kg7 48. Qf5 Kh8 49. Qg6 Qe5 50. Qh5+ Kg8 51. h4 Qd5 52. Qg6+ Kh8 53. h5 Qe5 54. h6 Qe7 55. h7 Qxh7 56. Qe8+ Qg8 57. Qxe4 Kg7 58. Bd2 Qf7 59. Bc3+ Kh6 60. Qe5 Qg8 61. Qh2+ Kg6 62. Qh5# 1-0

[Event "Quebec op U2000"]
[Site "Montreal CAN"]
[Date "2005.07.22"]
[Round "6.1"]
[White "Goldner, John"]
[Black "Morin, Louis"]
[Result "1-0"]
[WhiteElo "1621"]
[BlackElo "1992"]
[PlyCount "99"]
[GameId "2160767910901071"]
[EventDate "2005.07.17"]
[EventType "swiss"]
[EventRounds "9"]
[EventCountry "CAN"]
[SourceTitle "hb 2013"]

1. e4 e5 2. Nf3 d6 3. d4 Nf6 4. Nc3 Nbd7 5. Be2 Be7 6. O-O O-O 7. Re1 c6 8. a4 Qc7 9. h3 b6 10. Bf1 a6 11. Bg5 h6 12. Bh4 g6 13. Qd2 Kg7 14. Rad1 Bb7 15. Nh2 g5 16. Bxg5 hxg5 17. Qxg5+ Kh7 18. Qh4+ Kg7 19. Qg5+ Kh8 20. Qh4+ Nh7 21. Qxe7 Nhf6 22. dxe5 dxe5 23. Qd6 Qxd6 24. Rxd6 Kg7 25. Red1 Nc5 26. f3 b5 27. b4 Ne6 28. Ng4 Nxg4 29. hxg4 Nd4 30. Bd3 Rad8 31. Rxd8 Rxd8 32. Kf2 f6 33. a5 Ne6 34. Ne2 c5 35. c3 c4 36. Bc2 Rxd1 37. Bxd1 Kg6 38. Ke3 Kg5 39. g3 Nf8 40. Ng1 Ng6 41. Nh3+ Kh6 42. f4 Bc8 43. g5+ Kg7 44. f5 Ne7 45. gxf6+ Kxf6 46. g4 Nc6 47. g5+ Kg7 48. Bh5 Bd7 49. Bg4 Kf8 50. Ng1 1-0

[Event "Quebec op U2000"]
[Site "Montreal CAN"]
[Date "2005.07.23"]
[Round "7.1"]
[White "Morin, Louis"]
[Black "Cloutier, Richard"]
[Result "1/2-1/2"]
[WhiteElo "1992"]
[BlackElo "1768"]
[PlyCount "158"]
[GameId "2160767910901072"]
[EventDate "2005.07.17"]
[EventType "swiss"]
[EventRounds "9"]
[EventCountry "CAN"]
[SourceTitle "hb 20013"]

1. e4 c5 2. d4 cxd4 3. c3 dxc3 4. Nxc3 Nc6 5. Nf3 d6 6. Bc4 Nf6 7. e5 d5 8. Nxd5 Nxd5 9. Qxd5 Qxd5 10. Bxd5 Bd7 11. O-O e6 12. Be4 Na5 13. Bd2 Bc6 14. Rfe1 Bxe4 15. Rxe4 Nc6 16. Rc1 Rd8 17. Kf1 Be7 18. Bg5 Bxg5 19. Nxg5 h6 20. Nf3 Rd5 21. h4 O-O 22. g4 f5 23. exf6 Rxf6 24. Ke2 g5 25. hxg5 hxg5 26. Rcc4 Kg7 27. Re3 Kg6 28. Rce4 Rd6 29. b4 a6 30. a4 b6 31. Rc3 Nd8 32. Ne5+ Kh6 33. Rc7 Rd5 34. Re3 Rxe5 35. Rxe5 Kg6 36. Re4 Nf7 37. Re7 e5 38. f3 Rc6 39. Kf2 Kf6 40. Ra7 b5 41. axb5 axb5 42. Rxf7+ Kxf7 43. Rxe5 Kf6 44. Rf5+ Kg6 45. Rxb5 Rc4 46. Ke3 Rf4 47. Rb8 Kg7 48. b5 Rb4 49. b6 Kh7 50. b7 Kg7 51. Kd3 Rb3+ 52. Kc4 Rb6 53. Kc5 Rb1 54. Kc6 Rc1+ 55. Kd5 Rb1 56. Ke6 Rb6+ 57. Kf5 Rb5+ 58. Ke4 Rb4+ 59. Ke3 Rb3+ 60. Kf2 Rb2+ 61. Kg3 Rb3 62. Rc8 Rxb7 63. Rc5 Kg6 64. Rc6+ Kg7 65. Kf2 Rb3 66. Rd6 Ra3 67. Ke2 Rb3 68. Re6 Ra3 69. Re3 Ra4 70. Re4 Ra3 71. Rd4 Rb3 72. Rd3 Rb4 73. Ke3 Kg6 74. Rd4 Rb1 75. Rd6+ Kg7 76. Ke4 Rb3 77. Rd3 Rb4+ 78. Rd4 Rb3 79. Rd3 Rb4+ 1/2-1/2

[Event "Quebec op U2000"]
[Site "Montreal CAN"]
[Date "2005.07.23"]
[Round "8"]
[White "Lemieux, Pierre"]
[Black "Dimev, Kiril"]
[Result "1-0"]
[WhiteElo "1909"]
[BlackElo "1834"]
[PlyCount "105"]
[GameId "2160767910901073"]
[EventDate "2005.07.17"]
[EventType "swiss"]
[EventRounds "9"]
[EventCountry "CAN"]
[SourceTitle "hb 2012"]

1. d4 Nf6 2. Nf3 d5 3. Bf4 e6 4. c3 c5 5. e3 Nc6 6. Nbd2 Bd6 7. Bg3 O-O 8. Be2 b6 9. O-O Bxg3 10. hxg3 Re8 11. Bb5 Bd7 12. Bxc6 Bxc6 13. Ne5 Qd6 14. f4 Nd7 15. Nxd7 Bxd7 16. Qh5 Bb5 17. Rf2 Bd3 18. g4 g6 19. Qh4 h6 20. Qxh6 Qf8 21. Qxf8+ Kxf8 22. g5 Ke7 23. Rf3 Bf5 24. Kf2 Rh8 25. Rg1 Rh4 26. Rg3 cxd4 27. Nf3 dxe3+ 28. Kxe3 Rh7 29. Kd4 Rc8 30. b3 Rch8 31. Ne5 Rh1 32. Rxh1 Rxh1 33. c4 Rd1+ 34. Kc3 d4+ 35. Kb4 a6 36. a4 d3 37. Re3 a5+ 38. Kc3 Rc1+ 39. Kd2 Rc2+ 40. Kd1 Rb2 41. g4 Rb1+ 42. Kd2 Rb2+ 43. Kc1 d2+ 44. Kd1 Bc2+ 45. Kxd2 Bxb3+ 46. Kc1 Rc2+ 47. Kb1 Bxa4 48. Ra3 Rf2 49. Rxa4 Rxf4 50. Kc2 Kd6 51. c5+ Kxe5 52. Rxf4 bxc5 53. Rxf7 1-0

[Event "Quebec op U2000"]
[Site "Montreal CAN"]
[Date "2005.07.23"]
[Round "8.1"]
[White "Laurin, Marcel"]
[Black "Morin, Louis"]
[Result "0-1"]
[WhiteElo "1763"]
[BlackElo "1992"]
[PlyCount "70"]
[GameId "2160767910901074"]
[EventDate "2005.07.17"]
[EventType "swiss"]
[EventRounds "9"]
[EventCountry "CAN"]

1. d4 e5 2. d5 Bc5 3. e4 Qh4 4. Qe2 Nf6 5. Be3 Bxe3 6. Qxe3 Qxe4 7. Nc3 Qxe3+ 8. fxe3 O-O 9. Bd3 d6 10. h3 b6 11. g4 Ba6 12. g5 Bxd3 13. gxf6 Bxc2 14. e4 Bd3 15. Kd2 Ba6 16. Nf3 gxf6 17. Nh4 Bc8 18. Ne2 f5 19. Ng3 f4 20. Ngf5 Bxf5 21. Nxf5 Nd7 22. Rhg1+ Kh8 23. Nh6 f5 24. Rg5 Rf6 25. Nxf5 Rg8 26. Rxg8+ Kxg8 27. Rg1+ Kf8 28. Ng7 Nc5 29. b4 Rg6 30. bxc5 Rxg1 31. Ne6+ Ke7 32. c6 Rg6 33. Nxc7 Kd8 34. Nb5 a6 35. Nc3 Rg2+ 0-1

[Event "Quebec op U2000"]
[Site "Montreal CAN"]
[Date "2005.07.24"]
[Round "9.1"]
[White "Morin, Louis"]
[Black "Perreault, Jacquelin"]
[Result "1-0"]
[WhiteElo "1992"]
[BlackElo "1709"]
[PlyCount "135"]
[GameId "2160767910901075"]
[EventDate "2005.07.17"]
[EventType "swiss"]
[EventRounds "9"]
[EventCountry "CAN"]

1. e4 c5 2. d4 cxd4 3. c3 d5 4. exd5 Qxd5 5. cxd4 e6 6. Nf3 Nf6 7. Bd3 Be7 8. Nc3 Qd8 9. O-O O-O 10. Re1 Nbd7 11. Bg5 h6 12. Bh4 Nb6 13. Rc1 Nbd5 14. Bb1 b6 15. Ne5 Bb7 16. Nxd5 Qxd5 17. f3 g5 18. Bf2 Rfc8 19. Rxc8+ Rxc8 20. Qd3 Kf8 21. b3 Bb4 22. Rd1 Bd6 23. Nxf7 Ng4 24. Nxd6 Nxf2 25. Qg6 Nh3+ 26. gxh3 Qxd6 27. Qxh6+ Ke8 28. Qf6 Bd5 29. Bg6+ Kd7 30. Qf7+ Qe7 31. Qxe7+ Kxe7 32. Be4 Bxe4 33. fxe4 Rc2 34. a4 Rc3 35. d5 exd5 36. Rxd5 Rxb3 37. Rxg5 Ke6 38. Kg2 Rb4 39. Kf3 Rxa4 40. h4 Ra3+ 41. Kf4 Ra2 42. h3 Rf2+ 43. Ke3 Rf7 44. h5 Rh7 45. Kd4 a5 46. Rb5 Rb7 47. h6 Kf7 48. Rg5 Kf6 49. h4 Rh7 50. e5+ Kf7 51. Rf5+ Kg6 52. Rf6+ Kh5 53. Rxb6 Kxh4 54. Kd5 Kg5 55. Kc5 a4 56. Ra6 Rxh6 57. e6 Rh8 58. Kd6 Rd8+ 59. Ke7 Rd4 60. Kf7 Rf4+ 61. Kg7 Re4 62. Ra5+ Kg4 63. Kf7 Rf4+ 64. Ke8 Re4 65. e7 Kf3 66. Kd7 Rd4+ 67. Ke6 Re4+ 68. Re5 1-0

[Event "Quebec-ch classe U1400"]
[Site "Montreal CAN"]
[Date "2005.10.08"]
[Round "1"]
[White "Gosselin, Michael"]
[Black "Poulin, Richard"]
[Result "0-1"]
[WhiteElo "1299"]
[BlackElo "1208"]
[PlyCount "44"]
[GameId "2160767910834401"]
[EventDate "2005.10.10"]
[EventType "swiss"]
[EventRounds "5"]
[EventCountry "CAN"]

1. e4 e6 2. d4 d5 3. Nc3 dxe4 4. Nxe4 Nd7 5. Nf3 Ngf6 6. Bd3 c5 7. Nxf6+ Nxf6 8. dxc5 Bxc5 9. Bg5 O-O 10. Ne5 Qa5+ 11. Kf1 Nd7 12. Nxd7 Bxd7 13. Qh5 f5 14. c3 Bb6 15. g4 Be8 16. Qh3 Bg6 17. Be7 fxg4 18. Qxg4 Bxd3+ 19. Ke1 Qe5+ 20. Kd1 Rxf2 21. Re1 Bc2+ 22. Kc1 Qxe1+ 0-1

[Event "Quebec-ch classe U1400"]
[Site "Montreal CAN"]
[Date "2005.10.08"]
[Round "2"]
[White "Ouimet, Alain D"]
[Black "Muscalu, Alexandru"]
[Result "1-0"]
[WhiteElo "1022"]
[BlackElo "1286"]
[PlyCount "65"]
[GameId "2160767910834402"]
[EventDate "2005.10.10"]
[EventType "swiss"]
[EventRounds "5"]
[EventCountry "CAN"]

1. e4 c6 2. d4 d5 3. Nc3 dxe4 4. Nxe4 g6 5. Be3 Bg7 6. c3 Nf6 7. Bd3 b6 8. Ne2 Nxe4 9. Bxe4 Qd7 10. O-O O-O 11. Qd2 Rd8 12. Rad1 Qc7 13. Qc2 e5 14. dxe5 Rxd1 15. Rxd1 Bxe5 16. Qd2 Bxh2+ 17. Kh1 Be5 18. Qd8+ Qxd8 19. Rxd8+ Kg7 20. Rxc8 Kf6 21. Bd4 Bxd4 22. Nxd4 Ke5 23. Bf3 Kd6 24. Nxc6 Nxc6 25. Rxa8 Ne5 26. Rxa7 Ke6 27. Rb7 Nc4 28. b3 Nd2 29. Rxb6+ Kd7 30. Rb7+ Ke6 31. c4 Nxf3 32. gxf3 f5 33. Rxh7 1-0

[Event "Quebec-ch classe U1600"]
[Site "Montreal CAN"]
[Date "2005.10.08"]
[Round "1"]
[White "Belanger, Martin"]
[Black "Xavier-Bonifay, Jean-Luc"]
[Result "1-0"]
[WhiteElo "1319"]
[BlackElo "1518"]
[PlyCount "105"]
[GameId "2160767910834403"]
[EventDate "2005.10.10"]
[EventType "swiss"]
[EventRounds "5"]
[EventCountry "CAN"]

1. e4 d6 2. d4 Nf6 3. Nc3 g6 4. Nf3 Bg7 5. Be2 O-O 6. O-O Nbd7 7. h3 c5 8. Be3 a6 9. dxc5 Nxc5 10. Bxc5 dxc5 11. Qxd8 Rxd8 12. Rad1 Be6 13. Ng5 Bd7 14. Rd2 Bc6 15. Rfd1 Rxd2 16. Rxd2 h6 17. Nf3 Nxe4 18. Nxe4 Bxe4 19. b3 e6 20. c4 Bf6 21. Rd1 Rd8 22. Re1 Bd3 23. Bxd3 Rxd3 24. Rb1 b5 25. cxb5 axb5 26. a4 bxa4 27. bxa4 Ra3 28. Rc1 Rxa4 29. Rxc5 Bd4 30. Nxd4 Rxd4 31. Kf1 Rd2 32. Re5 Kg7 33. g4 Kf6 34. Ra5 g5 35. Kg2 Kg6 36. Re5 h5 37. Kg3 hxg4 38. hxg4 Rd3+ 39. f3 Rd5 40. Re4 e5 41. Kf2 f5 42. Rc4 fxg4 43. fxg4 Rd6 44. Ke3 Kf6 45. Ke4 Ke6 46. Ra4 Rb6 47. Rc4 Kd6 48. Rc1 Rb4+ 49. Kf5 e4 50. Re1 Kd5 51. Kxg5 Kd4 52. Kf4 Kd3 53. Re3+ 1-0

[Event "Quebec-ch classe U1600"]
[Site "Montreal CAN"]
[Date "2005.10.08"]
[Round "1"]
[White "Chan, Charles"]
[Black "Laurendeau, Alfred"]
[Result "0-1"]
[WhiteElo "1473"]
[BlackElo "1575"]
[PlyCount "122"]
[GameId "2160767910834404"]
[EventDate "2005.10.10"]
[EventType "swiss"]
[EventRounds "5"]
[EventCountry "CAN"]

1. e4 e6 2. d3 d5 3. Nd2 Nf6 4. g3 dxe4 5. dxe4 e5 6. Bg2 Bg4 7. f3 Be6 8. Nh3 Bc5 9. Qe2 a6 10. Nb3 Bxb3 11. axb3 Nc6 12. c3 O-O 13. Be3 Qe7 14. O-O Rfd8 15. Rad1 Rxd1 16. Rxd1 Bxe3+ 17. Qxe3 Rd8 18. Nf2 Rxd1+ 19. Nxd1 Qd6 20. Nf2 Nd7 21. Nd3 Na5 22. b4 Nc4 23. Qe2 Qb6+ 24. Nf2 Qb5 25. Bf1 Nd6 26. Qd2 Qc6 27. b3 Nb5 28. Bh3 Nd6 29. c4 Nf6 30. c5 Nb5 31. Nd3 Qe8 32. Qg5 Nd7 33. Bxd7 Qxd7 34. Qxe5 Qd4+ 35. Qxd4 Nxd4 36. Kf2 Nxb3 37. Ke3 a5 38. bxa5 Nxa5 39. Kd4 Kf8 40. Nb4 Ke7 41. f4 Kd7 42. f5 Nc6+ 43. Nxc6 Kxc6 44. e5 b6 45. cxb6 cxb6 46. g4 b5 47. h4 b4 48. g5 b3 49. Kc3 Kd5 50. f6 gxf6 51. exf6 Ke5 52. h5 Kf5 53. g6 hxg6 54. hxg6 Kxg6 55. Kxb3 Kxf6 56. Kc3 Ke5 57. Kd3 Kf4 58. Ke2 Kg3 59. Kf1 f5 60. Kg1 Kf3 61. Kf1 f4 0-1

[Event "Quebec-ch classe U1600"]
[Site "Montreal CAN"]
[Date "2005.10.08"]
[Round "1"]
[White "Gauthier-Raymond, Denis"]
[Black "Morin-Duchesne, Alexi"]
[Result "0-1"]
[WhiteElo "1560"]
[BlackElo "1447"]
[PlyCount "110"]
[GameId "2160767910834405"]
[EventDate "2005.10.10"]
[EventType "swiss"]
[EventRounds "5"]
[EventCountry "CAN"]

1. c4 c5 2. Nc3 g6 3. e3 Bg7 4. d4 b6 5. d5 d6 6. Bd3 Nd7 7. f4 Ndf6 8. Nge2 h5 9. Qc2 Nh6 10. Bd2 O-O 11. Ng3 e6 12. Nce4 exd5 13. Nxf6+ Qxf6 14. cxd5 Qxb2 15. Qxb2 Bxb2 16. Rb1 Bg7 17. h3 Re8 18. O-O h4 19. Ne4 Bf5 20. Nf2 Bxd3 21. Nxd3 Nf5 22. Rfe1 Ng3 23. Nf2 Ne4 24. Nxe4 Rxe4 25. Kf2 Rae8 26. Bc1 Rc4 27. Re2 Ree4 28. Kf3 f5 29. Bb2 Bxb2 30. Rbxb2 Rc3 31. Rbd2 Kf7 32. Rb2 Rd3 33. Rbd2 Rexe3+ 34. Rxe3 Rxd2 35. Ra3 a5 36. Rb3 Rxd5 37. Rxb6 Ke6 38. Rb2 Rd3+ 39. Kf2 Rd4 40. Ke3 Re4+ 41. Kf3 Kd5 42. Rb3 Kc4 43. Ra3 Kb5 44. Rb3+ Kc6 45. Ra3 a4 46. g3 hxg3 47. Kxg3 Kb5 48. Rd3 Re6 49. Kh4 c4 50. Rd5+ Kb4 51. Rd4 Kc5 52. Rd1 d5 53. Kg5 d4 54. Rb1 c3 55. Rb8 c2 0-1

[Event "Quebec-ch classe U1600"]
[Site "Montreal CAN"]
[Date "2005.10.08"]
[Round "1"]
[White "Hebert, Pierre"]
[Black "Bedard, Michel"]
[Result "0-1"]
[WhiteElo "1447"]
[BlackElo "1561"]
[PlyCount "58"]
[GameId "2160767910834406"]
[EventDate "2005.10.10"]
[EventType "swiss"]
[EventRounds "5"]
[EventCountry "CAN"]

1. d4 d5 2. c4 c6 3. Nf3 Nf6 4. cxd5 cxd5 5. Nc3 e6 6. Bg5 Be7 7. e3 Nbd7 8. Bd3 h6 9. Bh4 a6 10. h3 Qb6 11. Qc2 Bd6 12. Bxf6 Nxf6 13. O-O Bd7 14. Qe2 O-O 15. Rac1 Rac8 16. Rc2 Rc7 17. Rfc1 Rfc8 18. e4 Bf4 19. e5 Ne4 20. Rd1 Nxc3 21. bxc3 Rxc3 22. Rb2 Qc7 23. g3 Bc1 24. Rb1 Ba4 25. Re1 b5 26. g4 Qe7 27. h4 Qa3 28. Kg2 Bf4 29. g5 Rxd3 0-1

[Event "Quebec-ch classe U1600"]
[Site "Montreal CAN"]
[Date "2005.10.08"]
[Round "1"]
[White "Lefebvre, Gabriel"]
[Black "Pilon, Denis"]
[Result "1-0"]
[WhiteElo "1509"]
[BlackElo "1274"]
[PlyCount "99"]
[GameId "2160767910834407"]
[EventDate "2005.10.10"]
[EventType "swiss"]
[EventRounds "5"]
[EventCountry "CAN"]

1. e4 e5 2. Nf3 Nc6 3. Bb5 a6 4. Ba4 Nf6 5. O-O b5 6. Bb3 d6 7. Re1 Be7 8. c3 Na5 9. Bc2 c5 10. h3 c4 11. d4 cxd3 12. Bxd3 Qc7 13. Nbd2 h6 14. Nf1 Be6 15. Ne3 O-O 16. Nd5 Nxd5 17. exd5 Bxd5 18. Nh2 Be6 19. Qh5 f5 20. Bxh6 gxh6 21. Qg6+ Kh8 22. Qxh6+ Kg8 23. Qxe6+ Kg7 24. Ng4 Rae8 25. Bxf5 Bf6 26. Qd7+ Qxd7 27. Bxd7 Re7 28. Nxf6 Rxf6 29. Bg4 Nc6 30. Rad1 Ref7 31. Rd2 Rf8 32. g3 Rd8 33. Kg2 d5 34. Bd1 Re6 35. a4 b4 36. Bb3 Red6 37. cxb4 Nd4 38. Bd1 Kf6 39. f4 Nc6 40. fxe5+ Nxe5 41. Bb3 d4 42. Rf2+ Kg7 43. Rxe5 R8d7 44. Rg5+ Kh6 45. h4 d3 46. Rf8 Rh7 47. Kf3 d2 48. Bc2 d1=Q+ 49. Bxd1 Rxd1 50. Rf6# 1-0

[Event "Quebec-ch classe U1600"]
[Site "Montreal CAN"]
[Date "2005.10.09"]
[Round "3"]
[White "Gauthier-Raymond, Denis"]
[Black "Hebert, Pierre"]
[Result "1-0"]
[WhiteElo "1560"]
[BlackElo "1447"]
[PlyCount "75"]
[GameId "2160767910834408"]
[EventDate "2005.10.10"]
[EventType "swiss"]
[EventRounds "5"]
[EventCountry "CAN"]

1. c4 Nf6 2. Nc3 d5 3. cxd5 Nxd5 4. e4 Nxc3 5. bxc3 e5 6. Bc4 Bd6 7. Ne2 O-O 8. O-O Nd7 9. a4 Nf6 10. Ng3 Bg4 11. f3 Bd7 12. d4 Qe7 13. Bg5 h6 14. Be3 Rad8 15. Qb3 b6 16. Rae1 a5 17. Kh1 Kh8 18. dxe5 Bxe5 19. f4 Ng4 20. Bg1 Bd6 21. Be2 Qh4 22. Bxg4 Qxg4 23. e5 Be7 24. Ne4 Bc6 25. Qc4 Qe6 26. Qe2 Bxa4 27. Qh5 Qg6 28. Qf3 Bc6 29. f5 Qh7 30. Bd4 Bxe4 31. Rxe4 Bc5 32. Rg4 Bxd4 33. cxd4 Rg8 34. f6 Qc2 35. fxg7+ Kh7 36. Qxf7 Qd3 37. h3 Rxd4 38. Qxg8+ 1-0

[Event "Quebec-ch classe U1800"]
[Site "Montreal CAN"]
[Date "2005.10.08"]
[Round "1"]
[White "Perreault, Jacques"]
[Black "Khudaverdian, Berj"]
[Result "0-1"]
[WhiteElo "1538"]
[BlackElo "1747"]
[PlyCount "44"]
[GameId "2160767910834409"]
[EventDate "2005.10.10"]
[EventType "swiss"]
[EventRounds "5"]
[EventCountry "CAN"]

1. Nf3 Nf6 2. c4 d6 3. Nc3 c6 4. e4 e5 5. d4 Qc7 6. h3 Be7 7. Be2 h6 8. Be3 Nbd7 9. Qd2 Nf8 10. O-O Ng6 11. Rad1 O-O 12. d5 a5 13. Ne1 a4 14. f4 exf4 15. Bxf4 Nxf4 16. Rxf4 Qb6+ 17. Kh1 Nd7 18. Rf1 Bg5 19. Qc2 Ne5 20. Nxa4 Qe3 21. Nc3 Bxh3 22. gxh3 Qxh3+ 0-1

[Event "Quebec-ch classe U1800"]
[Site "Montreal CAN"]
[Date "2005.10.08"]
[Round "1"]
[White "Pilon, Robert"]
[Black "Descoteaux, Patrick"]
[Result "0-1"]
[WhiteElo "1496"]
[BlackElo "1708"]
[PlyCount "82"]
[GameId "2160767910834410"]
[EventDate "2005.10.10"]
[EventType "swiss"]
[EventRounds "5"]
[EventCountry "CAN"]

1. d4 d5 2. c4 e6 3. Nc3 Bb4 4. Nf3 Nf6 5. Bg5 c6 6. cxd5 exd5 7. e3 O-O 8. Be2 Nbd7 9. O-O Bxc3 10. bxc3 Qa5 11. Bxf6 Nxf6 12. Qc2 Ne4 13. Rfc1 Be6 14. c4 f5 15. a4 Qd8 16. g3 b6 17. h4 Qf6 18. Kg2 Kh8 19. Rh1 c5 20. cxd5 Bxd5 21. Bc4 Bxc4 22. Qxc4 cxd4 23. Qxd4 Rad8 24. Qxf6 Rxf6 25. Rhd1 Rfd6 26. Nd4 Nc5 27. Rdc1 g6 28. a5 Rxd4 29. exd4 Nb3 30. axb6 axb6 31. Kf3 Nxa1 32. Rxa1 Rxd4 33. Ke3 Rb4 34. Ra7 b5 35. Rb7 Kg8 36. Kd3 Rb2 37. Ke3 b4 38. f3 b3 39. f4 Rb1 40. Ke2 b2 41. Kf2 Rh1 0-1

[Event "Quebec-ch classe U1800"]
[Site "Montreal CAN"]
[Date "2005.10.08"]
[Round "1"]
[White "Szalay, Karoly"]
[Black "Lanthier, Steve"]
[Result "1-0"]
[WhiteElo "1713"]
[BlackElo "1533"]
[PlyCount "117"]
[GameId "2160767910834412"]
[EventDate "2005.10.10"]
[EventType "swiss"]
[EventRounds "5"]
[EventCountry "CAN"]

1. e4 e5 2. Nf3 Nc6 3. Bb5 a6 4. Ba4 Nf6 5. O-O Be7 6. Re1 b5 7. Bb3 O-O 8. c3 d5 9. exd5 Nxd5 10. Nxe5 Nxe5 11. Rxe5 c6 12. d4 Bd6 13. Re1 Qh4 14. g3 Qh3 15. Re4 g5 16. Qf1 Qh5 17. Na3 Bf5 18. Re1 Bh3 19. Qe2 Rae8 20. Be3 Bg4 21. Qf1 Bxg3 22. fxg3 Nxe3 23. Qf2 Nd5 24. c4 Nb4 25. Qd2 bxc4 26. Nxc4 Nd5 27. Ne5 Rc8 28. Nxc6 Rxc6 29. Bxd5 Rd6 30. Re5 h6 31. Rf1 Kg7 32. Qe3 Bh3 33. Re1 Rf6 34. Be4 Rb8 35. b3 Rc8 36. Rc5 Re8 37. Re5 Rc8 38. Qd3 Bd7 39. a4 Bh3 40. Bb7 Rc7 41. Bxa6 Rf3 42. Qe2 Bg4 43. Qd2 Rfc3 44. Rc5 R7xc5 45. dxc5 Rf3 46. Qd4+ Kh7 47. Bd3+ Bf5 48. Bxf5+ Rxf5 49. Qe4 Qg6 50. c6 Rc5 51. Qxg6+ Kxg6 52. b4 Rxc6 53. Rb1 Ra6 54. a5 Kf5 55. Ra1 Ke6 56. b5 Ra8 57. b6 Kd6 58. b7 Rb8 59. a6 1-0

[Event "Quebec-ch classe U2000"]
[Site "Montreal CAN"]
[Date "2005.10.08"]
[Round "1"]
[White "Daniel, Robert"]
[Black "Blais, Richard"]
[Result "0-1"]
[WhiteElo "1913"]
[BlackElo "1784"]
[PlyCount "94"]
[GameId "2160767910834413"]
[EventDate "2005.10.10"]
[EventType "swiss"]
[EventRounds "5"]
[EventCountry "CAN"]

1. e4 e5 2. Nf3 Nc6 3. Bb5 d6 4. d4 Bg4 5. c3 a6 6. Ba4 b5 7. Bb3 Nf6 8. d5 Na5 9. Bc2 Be7 10. O-O O-O 11. b4 Nc4 12. Nbd2 Nb6 13. Qe2 Bd7 14. Nb3 c6 15. dxc6 Bxc6 16. Na5 Bd7 17. Rd1 Qc7 18. Bd2 Rfc8 19. Bb3 Ne8 20. Rac1 Be6 21. Ng5 Bxg5 22. Bxg5 Nc4 23. Nxc4 Bxc4 24. Bxc4 Qxc4 25. Qxc4 Rxc4 26. f3 f6 27. Bd2 Nc7 28. Be1 Rc6 29. Rd3 Kf7 30. Rcd1 Ke7 31. Kf2 Rc8 32. a4 bxa4 33. Ra1 Nb5 34. Rxa4 Nxc3 35. Bxc3 Rxc3 36. Rxc3 Rxc3 37. Rxa6 Rc2+ 38. Kg3 Rc7 39. Rb6 Rd7 40. Kh4 d5 41. exd5 Rxd5 42. Rb7+ Rd7 43. Rxd7+ Kxd7 44. g4 Kc6 45. g5 f5 46. g6 hxg6 47. Kg5 Kb5 0-1

[Event "Quebec-ch classe U2000"]
[Site "Montreal CAN"]
[Date "2005.10.08"]
[Round "1"]
[White "Dimev, Kiril"]
[Black "Gauthier, Denis"]
[Result "1/2-1/2"]
[WhiteElo "1988"]
[BlackElo "1859"]
[PlyCount "126"]
[GameId "2160767910834414"]
[EventDate "2005.10.10"]
[EventType "swiss"]
[EventRounds "5"]
[EventCountry "CAN"]

1. d4 Nf6 2. c4 e6 3. Nc3 Bb4 4. Qc2 O-O 5. a3 Bxc3+ 6. Qxc3 b6 7. Bg5 Ba6 8. Qf3 Nc6 9. e3 Bb7 10. Rc1 Rb8 11. Bxf6 Qxf6 12. Qxf6 gxf6 13. Ne2 Ne7 14. Nf4 Rbd8 15. f3 Kh8 16. Bd3 Rg8 17. Kf2 d6 18. b4 c5 19. Nh5 f5 20. Rhd1 Rg5 21. Nf4 Bc6 22. b5 Bb7 23. dxc5 dxc5 24. Bf1 Rgg8 25. a4 Kg7 26. Ra1 Kf6 27. Nd3 Ng6 28. a5 Rd7 29. axb6 axb6 30. Nb2 Rgd8 31. Rxd7 Rxd7 32. Ke1 Ne5 33. Ra7 Bc8 34. Ra8 Bb7 35. Rh8 Kg7 36. Rb8 Rc7 37. Na4 Nd7 38. Rd8 Kf6 39. Nc3 Ke7 40. Rh8 Nf6 41. Na4 Nd7 42. Bd3 Rc8 43. Rxc8 Bxc8 44. f4 Bb7 45. Kf2 Kd6 46. Kg3 Ke7 47. Kh3 Kf6 48. g3 Bf3 49. Nc3 h6 50. e4 fxe4 51. Bxe4 Bxe4 52. Nxe4+ Kg6 53. Nd6 f5 54. Kh4 e5 55. g4 fxg4 56. Kxg4 exf4 57. Kxf4 Kf6 58. Nc8 Ke6 59. Ke4 Nf6+ 60. Kf4 Nd7 61. h3 Kf6 62. h4 Kg6 63. Kg4 Nf6+ 1/2-1/2